000 00411nam a22001217a 4500
008 230609b xxu||||| |||| 00| 0 eng d
082 _a354.676
_bGOK
110 _bGOK
245 _a2005/2006 Supplementary Estimates (Development Expenditure)
_bEstimate of further sums required to be voted for the service of the year ending 30th June, 2006
260 _aKenya
_bGok
_cJune 2006
300 _a680p
942 _2ddc
_cBK
999 _c929
_d929